000 00444nam a2200169Ia 4500
003 GCL
008 140319s9999 xx 000 0 ara d
040 _aGCL /
_cGCL
082 0 4 _aط
_b507
_bش س
100 1 _aشفيق مهدى
245 1 0 _aسياحة فى عالم النبات /
_cشفيق مهدى
300 _a23 ص
490 _aالسلسلة العلمية
_v0
650 0 4 _aالنبات
650 0 4 _aتشريح
942 _2ddc
_cBK
999 _c45598
_d45598